000 01781nam a2200193Ia 4500
008 220216s9999 xx 000 0 und d
100 _aSuyanto S
245 0 _aLand tenure and farm management efficiency: The case of smallholder rubber production in customary land areas of Sumatra
260 _bAgroforestry Systems
_c2001
300 _a145-160
520 _aThis study assesses the impact of land tenure institutions on the efficiency of farm management based on a case study of rubber production in customary land areas of Sumatra, Indonesia. Using the modes of land acquisition as measures of land tenure institutions, we estimated tree planting, revenue, income, and short-run profit functions, and internal rates of return to tree planting on smallholder rubber fields. We find generally insignificant differences in the incidence of tree planting and management efficiency (defined as residual profits) of rubber production between newly emerging private ownership and customary ownership. This is consistent with our hypothesis that tree planting confers stronger individual rights, if land rights are initially weak (as in the case of family land under customary land tenure systems). On the other hand, short-term profits are higher on land that is rented through share tenancy. This result indicates that rubber trees are over-exploited under renting arrangements due partly to the short-term nature of the land tenancy contracts and partly to the difficulty landownerrs face in supervising tappiing activities of tenants in spatially dispersed rubber fields.
650 _aLand tenure institutions
650 _aProbability
650 _aSmallholder rubber production
650 _aTree planting
700 _aOtsuka K
700 _aTomich T P
942 _cJS
999 _c61942
_d61942